Portraits of Christ in the tabernacle. (Record no. 2510)

000 -LEADER
fixed length control field 00790nam a2200217 a 4500
001 - CONTROL NUMBER
control field :::00000235$&:&@@
003 - CONTROL NUMBER IDENTIFIER
control field OkBaRHE
005 - DATE AND TIME OF LATEST TRANSACTION
control field 20001101122351.0
008 - FIXED-LENGTH DATA ELEMENTS--GENERAL INFORMATION
fixed length control field s1979 j 000 0 eng u
040 ## - CATALOGING SOURCE
Transcribing agency
100 1# - MAIN ENTRY--PERSONAL NAME
Personal name Epp, Theodore H.
245 10 - TITLE STATEMENT
Title Portraits of Christ in the tabernacle.
260 ## - PUBLICATION, DISTRIBUTION, ETC. (IMPRINT)
Place of publication, distribution, etc Lincoln, NE., :
Name of publisher, distributor, etc Back to the Bible
Date of publication, distribution, etc c1979
300 ## - PHYSICAL DESCRIPTION
Extent 158 p. ;
Dimensions 22 cm.
650 ## - SUBJECT ADDED ENTRY--TOPICAL TERM
Topical term or geographic name as entry element Tabernacle
650 ## - SUBJECT ADDED ENTRY--TOPICAL TERM
Topical term or geographic name as entry element Typology (Theology)
942 ## - ADDED ENTRY ELEMENTS (KOHA)
Source of classification or shelving scheme
Koha item type Books
Copies
Permanent Location Price effective from Withdrawn status Full call number Barcode Lost status Current Location Date last seen Source of classification or shelving scheme Not for loan Damaged status Total Checkouts Shelving location Koha item type Copy number Date checked out Date acquired Total Renewals
RHEMA Bible Training College2010-04-14 BM 654 .E615576  2011-01-04    General StacksBooks2 2010-04-14 
RHEMA Bible Training College2010-04-14 BM 654 .E618423  2010-04-14    General StacksBooks3 2010-04-14 
RHEMA Bible Training College2010-04-14 BM 654 .E6235 RHEMA Bible Training College2018-01-09   1General StacksBooks12017-10-232010-04-143